| 000 | 00560nam a22001817a 4500 | ||
|---|---|---|---|
| 999 |
_c10491 _d10491 |
||
| 003 | AR-CdUCM | ||
| 008 | 190401b ||||| |||| 00| 0 spa d | ||
| 040 |
_aMUNICIPALIDAD PROVINCIAL DEL CUSCO _cBIBLIOTECA MUNICIPAL DEL CUSCO |
||
| 082 |
_aEP / 372.036 / _bN29 |
||
| 245 | _aNuevo Amanecer 3 / | ||
| 260 |
_aLima : _bEditorial Navarrete, |
||
| 300 |
_a383 paginas ; _c27 cm. |
||
| 505 | _aContenido :Comunidad ,naturaleza y trabajo / | ||
| 650 |
_aEducación primaria _91561 |
||
| 700 |
_aLuis Navarrete L. _927238 |
||
| 942 |
_2ddc _cLIBROS |
||
| 945 | _arjall | ||